000 00985nam a2200277 c 4500
003 BLK
005 20210405155239.0
008 180411b bul|||||r ||||||| ||bul||
010 _aKNG00216323000
040 _aBLK
041 _aBUL
_cBUL
080 _aБългарска литература
_b821.163.2
_x-31
_z821.163.2-31
100 1 _aХристофоров, Любен Василев
_eпърви автор
_9274479
139 _aХристофоров, Любен Василев
_bХ 86
245 1 0 _aСъкровищата на Дяволската планина
_bРоман
_cЛюбен Василев Христофоров.
250 _a3. изд.
257 _aBGR
260 Пловдив
_bХристо Г. Данов
_c1986
300 _a295 с.
_c21 см
380 _aX
852 _aЦб 144762
856 4 _qpdf
_u
856 4 _qpdf
_u
942 _cKNG
_n0
_02
944 _aCR
_c23.02.2018
_kТеодора_Стоянова
944 _aED
_c23.02.2018
_kТеодора_Стоянова
999 _c206573
_d206573